000 00612nam a2200229Ia 4500
003 OSt
005 20220924132625.0
006 a|||||r|||| 00| 0
007 ta
008 220923b |||||||| |||| 00| 0 san d
024 _a74818
037 _cTextual
040 _aARTS
_cARTS
_bsan
041 _2san
_asan
082 _aR641xL00:1, 15G6 (P15)
100 _aYajvan Krishna
_982358
245 0 _aMimansa paribhasha ed by Gaurinath Pathak
260 _c1936
650 _aBHATT MIMAMSA
942 _hR641xL00:1, 15G6 (P15)
_cTEXL
_2CC
999 _c430900
_d430900